MDQL
is popping MORE tags! Check the
thread
!
Quizzes
Events
Quiz Creation
Community
Videos
Private Events
Remove Ads
Sign In
Join for FREE
Feedback
Dark Mode
Quiz Categories
Sports
Geography
Music
Movies
Television
Just For Fun
Miscellaneous
History
Literature
Language
Science
Gaming
Entertainment
Religion
Holiday
For Kids
Quiz Lab
Recent
Popular Today
Quiz Kudos Today
Editor Picks
Curator Picks
Quizzes by...
Day
Popularity
Type
Ratings
Length
Year
Community
Subscriptions
Recent Discussions
Orange Saloon
Badges
Playlists
Quests
Create
Leaderboards
Showdown
Live 5
Trivia Bingo
Activity
Puzzle Library
Sporcle Events
Private Events
Virtual Trivia
Globe League
Become a Host
Pub Owners
SporcleCon
Opinionation
Our Games
Videos
Blog
Mobile Apps
Partnerships
Remove Ads and Go Orange
Feedback
Sports
Athletes
MLB
NBA
NHL
NFL
Soccer
Sports Teams
WWE
NCAA
Football
Premier League
Basketball
Baseball
Hockey
Golf
Tennis
Cricket
Rugby
Auto Racing
Olympics
World Cup
Sports
Athletes
MLB
NBA
NHL
NFL
Soccer
Sports Teams
WWE
NCAA
Football
Premier League
Basketball
Baseball
Hockey
Golf
Tennis
Cricket
Rugby
Auto Racing
Olympics
World Cup
Random Quiz
Search Sporcle
×
Quiz Lab
Quiz Lab
Sports
NCAA
Type in answers that appear in a list
Type in answers that appear in a list
Classic
Best Score? Go Orange.
NCAAF Teams by Conference Stats
Can you name the NCAAF Teams by Conference?
By
Titan14151
15m
120 Questions
698 Plays
698 Plays
698 Plays
Comments
Comments
Give Quiz Kudos
Give Quiz Kudos
-
- Ratings
hide this ad
More Info
Replay
Link that replays current quiz
Next Quiz
Link to next quiz in quiz playlist
You Got
0%
They Got
Avg Score
69%
Avg Friend Score
Upgrade to see
Score Distribution
Jump to the score distribution portion of the page
Score
0/120
Timer
15:00
0
Plays Today
Conference
Team
% Correct
ACC
Florida State
90.9%
SEC
Florida
90.7%
SEC
Georgia
88.9%
Big 12
Texas
88.6%
ACC
North Carolina
88.5%
SEC
Alabama
88.4%
Big Ten
Michigan
87.6%
MAC
Ohio
87.2%
ACC
Clemson
86.9%
Big Ten
Michigan State
86.5%
Big Ten
Ohio State
86.5%
IA Independents
Notre Dame
85.3%
Big 12
Oklahoma
85.1%
ACC
Duke
84.6%
Big Ten
Iowa
84.3%
ACC
Virginia
83.3%
Pac-
10
Oregon
83.3%
Pac-
10
USC
83%
Big 12
Texas A&M
82.9%
Pac-
10
Arizona
82.6%
SEC
LSU
82.3%
Big 12
Oklahoma State
82%
Pac-
10
Arizona State
82%
Big 12
Kansas
81.9%
Big Ten
Penn State
81.9%
Pac-
10
Washington
81.9%
Big Ten
Illinois
81.2%
Big 12
Texas Tech
80.9%
Big Ten
Wisconsin
80.9%
Pac-
10
Washington State
80.7%
SEC
Auburn
80.6%
SEC
Kentucky
80.5%
SEC
Arkansas
80.3%
SEC
Mississippi
80.3%
SEC
Tennessee
80.3%
Big Ten
Indiana
80.2%
SEC
South Carolina
80.2%
Pac-
10
UCLA
80%
Pac-
10
Oregon State
79.7%
ACC
Virginia Tech
79.5%
Conference
Team
% Correct
ACC
Georgia Tech
78.9%
Big 12
Kansas State
78.9%
Big 12
Nebraska
78.6%
Pac-
10
California
78.3%
Big East
West Virginia
78%
Big Ten
Minnesota
78%
MAC
Toledo
78%
Big 12
Missouri
77.7%
ACC
Maryland
77.6%
SEC
Mississippi State
77.6%
IA Independents
Army
77.4%
ACC
Boston College
77.3%
ACC
North Carolina State
77.3%
Big 12
Colorado
77.3%
IA Independents
Navy
77.2%
Big 12
Iowa State
76.9%
Big Ten
Purdue
76.1%
SEC
Vanderbilt
75.7%
Pac-
10
Stanford
75.1%
Big 12
Baylor
74.9%
Big East
Rutgers
74.7%
Big East
Syracuse
74.4%
Mountain West
Utah
74.3%
ACC
Wake Forest
73%
Mountain West
TCU
72.8%
WAC
Boise State
72.8%
ACC
Miami (FL)
72.7%
Big Ten
Northwestern
72.3%
MAC
Miami (OH)
72%
Big East
Pittsburgh
71%
Big East
Louisville
70.3%
WAC
Nevada
65.1%
Mountain West
Colorado State
64.2%
Mountain West
New Mexico
64.1%
Mountain West
Air Force
63.6%
Mountain West
Brigham Young
62.1%
Mountain West
Wyoming
61.5%
Big East
Connecticut
61.4%
MAC
Western Michigan
60.9%
Big East
Cincinnati
60.6%
Conference
Team
% Correct
C-
USA
Houston
60.6%
WAC
Utah State
60.3%
Mountain West
San Diego State
59.8%
MAC
Eastern Michigan
58.9%
Mountain West
UNLV
58.9%
WAC
New Mexico State
58.8%
Big East
South Florida
58.6%
MAC
Central Michigan
57.3%
WAC
Hawaii
57%
C-
USA
Memphis
56.6%
C-
USA
Tulane
55.9%
WAC
Idaho
54.7%
MAC
Akron
54.5%
C-
USA
UCF
53.6%
WAC
Fresno State
53.4%
MAC
Buffalo
52.7%
MAC
Bowling Green
52%
C-
USA
UTEP
51.6%
C-
USA
Tulsa
51.3%
MAC
Northern Illinois
51.1%
MAC
Temple
50.6%
C-
USA
Marshall
50.1%
C-
USA
Rice
49.7%
MAC
Ball State
49%
Sun Belt
Arkansas State
49%
C-
USA
UAB
48.9%
WAC
Louisiana Tech
46.7%
C-
USA
East Carolina
46.4%
MAC
Kent State
46.3%
WAC
San Jose State
45.7%
C-
USA
Southern Mississippi
44.5%
Sun Belt
North Texas
44.5%
Sun Belt
Western Kentucky
43.8%
Sun Belt
Florida Atlantic
43.7%
Sun Belt
Florida International
43%
Sun Belt
Louisiana-Lafayette
42.7%
Sun Belt
Louisiana-Monroe
42.7%
Sun Belt
Middle Tennessee
42.1%
Sun Belt
Troy
41.2%
C-
USA
Southern Methodist
40.5%
Quiz Playlist
Details
Report
Send in Message
Add To Playlist
More Info:
Hint: 'University' WILL NOT be required in any answer. Also: Abbreviations WILL NOT be accepted on all answers.
Classic:
Type in answers that appear in a list
Last Updated: Feb 16, 2017
Quiz Scoreboard
CHALLENGE
Sign Up to Join the Scoreboard
Show All
Scores
Hide
Comments
May contain spoilers
Recently Published
1-10 Letter E Words III
by El_Dandy
Language
2m
Street Fighter Characters
by Artimus82
Gaming
60s
College Basketball Coaching Resumes
by pancakes188
Sports
9m
More to Explore
Quiz From the Vault
Featured Blog Post
Where Did the Easter Bunny Come From?
hide this ad
You Might Also Like...
Tags
College Quiz
Football Quiz
NCAA Quiz
Conference
ESPN
FBS
NCAA Football
Today's Top Quizzes in Sports
Browse Sports
hide this ad
Today's Top Quizzes in NCAA
Browse NCAA
Top Contributed Quizzes in Sports
1
2022 World Cup Stars
2
Les meilleurs buteurs des matchs entre le PSG et l’OM
3
FIFA Club World Cup Champions
4
Les entraîneurs de l'OM et du PSG au 21e siècle
5
Criteria MLB: Left Handed Sluggers
6
2023 MLB Unique Player Accomplishments
7
AFC Teams Reveal (Wrong Answers Minefield)
8
Players with Multiple 50 Home Run Seasons
9
5-to-1: FBS Animal Nicknames
10
5-to-1: UK Sports Teams
Explore More
Trending Topics
Kpop
Marvel
Crossword
NBA
Anime
Disney
Harry Potter
Country
The Office
NFL
WWE
Puzzle
Soccer
Song
Pokémon
hide this ad
More By:
Titan14151
Quiz
Plays
Rating
Category
Featured
Created
What show is THIS from?
1,837
2.40
Television
Dec 4, 2010
Clone Troopers!
936
4.00
Just For Fun
Nov 21, 2010
America's Most Powerful Athletes
706
1.67
Sports
Nov 14, 2010
NCAAF Teams by Conference
698
2.67
Sports
Nov 29, 2010
NCAAF Conferences
692
4.40
Sports
Nov 27, 2010
Go to Creator's Profile
Score Distribution
Quiz Creator Spotlight
Titan14151
Follow
Send a Message
Quizzes Created
-
Created Quiz Play Count
-
More By This Creator
Popular Quizzes Today
1
Find the US States - No Outlines Minefield
2
Find the Countries of Europe - No Outlines Minefield
3
The Countries of the World
4
Find the US States
5
Risky Map Clicking: Biggest States A-Z
6
US States
7
Popular People in 1961
8
Movies - When Are They Set?
More Sports Quizzes
PWI Female Top 10 for every year
Quiz Lab
Trending Quizzes
Risky Map Clicking: Least Populous States A-Z
Billboard Blitz: Aretha Franklin
Famous Russians: Author or Composer?
1-10 Letter G Words
Countries of the World: 200 Million BC
Recently Updated
Leaping Animals
pecheneg
Reality TV Shows (A-Z)
bhenderson79
Rickey Henderson's Hall of Fame Teammates
pecheneg
Champions League XIs: Arsenal
pecheneg
Quick Pick: Celebrities in WWE's Hall of Fame
aduchscher
A-Z Keypad Blitz II
pecheneg
Multiple Oscar Actors
pecheneg
Mystery Phrase Blitz: Oscar 'Best Actors'
pecheneg
F. Scott Fitzgerald Novels
LTH
Pick 3 Villains
ddd62291
Trending Topics
Kpop
Crossword
Disney
NBA
Harry Potter
Anime
Marvel
Pokémon
NFL
Country
Puzzle
WWE
Song
The Office
Soccer
Your Account Isn't Verified!
In order to create a playlist on Sporcle, you need to verify the email address you used during registration. Go to your
Sporcle Settings
to finish the process.
Report this User
Report this user for behavior that violates our
Community Guidelines
.
Details:
Send Report
Go to the Sporcle.com Mobile Site →
Comments